Score 0/55 Timer 12:00
0 Plays Today
% Correct
Draco
96%
Sirius
92.9%
Regulus
92.1%
Bellatrix
92.1%
Pansy
91.3%
Narcissa
91.3%
Fleur
91.3%
Vincent
90.5%
Andromeda
89.7%
Gregory
88.9%
Millicent
88.9%
Harry
88.1%
Dudley
88.1%
Rubeus
87.3%
Fred
87.3%
George
87.3%
Vernon
87.3%
Padma
86.5%
Amycus
86.5%
Alecto
86.5%
Hermione
85.7%
Parvati
84.9%
Cormac
84.9%
Olympe
84.1%
Newt
82.5%
Ginevra
81.7%
Marjorie
81.7%
Albus Percival
81%
% Correct
Phineas
80.2%
Gabrielle
79.4%
Chastity
76.2%
Mary Lou
75.4%
Albus Severus
73%
Adrian
72.2%
Gellert
72.2%
Henry Jr
71.4%
Gnarlak
71.4%
Victoire
71.4%
Minerva
71.4%
Modesty
69.8%
Nagini
69%
Henry Sr
68.3%
Orion
68.3%
Langdon
66.7%
Terence
66.7%
Heinrich
63.5%
Walburga
63.5%
Filius
58.7%
Lorcan
58.7%
Lysander
58.7%
Ya Zhou
57.9%
Momolu
54.8%
Miles
54.8%
Apolline
50%
Melinda
47.6%
Remove Ads.
Support Sporcle.
Get the best of Sporcle when you Go Orange. This ad-free experience offers more features, more stats, and more fun while also helping to support Sporcle. Thank you for becoming a member.

You're not logged in!

Compare scores with friends on all Sporcle quizzes.
OR
Log In

Sporcle TV

Today on Sporcle TV


Watch our educational content, quiz creation guides, and fun videos on Sporcle TV.

Show Comments

Extras

Top Quizzes Today


Score Distribution

Paid Content

Your Account Isn't Verified!

In order to create a playlist on Sporcle, you need to verify the email address you used during registration. Go to your Sporcle Settings to finish the process.

Report this User

Report this user for behavior that violates our Community Guidelines.

Details: